000 01119nmc a2200409 a 4500
003 AR-BaBNM
005 20251128204449.0
008 315019s1971 ||||||||||||||000 | spa||
040 _cAR-BaBNM
100 1 _aIzzo, Carlo
245 1 0 _aLa literatura norteamericana
260 _aBuenos Aires
_bLosada
_c1971
300 0 _a584 p.
490 0 _aLas literaturas del mundo
500 0 _aContiene índice de las materias
500 0 _aNota bibliográfica
500 0 _aIndice de los autores y sus obras
500 0 _aIntroducción
650 4 _aCUENTO [FORMA Y GENERO LITERARIO]
650 4 _aLITERATURA
650 4 _aPOESIA
650 4 _aESCRITORES
650 4 _aBIOGRAFIAS
650 4 _aSIGLO DIECINUEVE
650 4 _aSIGLO VEINTE
650 4 _aNOVELAS
651 4 _aEstados Unidos
653 0 _aLIBROS DE VIAJES
655 _aLITERATURA
700 1 _aDabini, Attilio
_etraductor
800 1 _aBacchelli, Riccardo
_edirector
800 1 _aMacchia, Giovanni
_edirector
800 1 _aViscardi, Antonio
_edirector
800 1 _aDabini, Attilio
_erevisión
942 _cBK
998 _cisola
999 _c7525
_d7525